000 00666nam a2200229Ia 4500
003 koha_MIRAKIL
005 20240814122959.0
008 2000131b xxu||||| |||| 00| 0 tur d
020 _a9789750825286
040 _aTR-IsTIV
_btur
_cTR-IsTIV
041 _atur
082 _a615.892
_bGUIa
090 _a615.892 GUIa
100 _aGuıllaume,Madeleıne J
245 0 _aAkupunktur
250 _a1
260 _aİstanbul:
_bİletişim yayınları,
_cty.
300 _a112 s.
500 _atıp, sağlık, tedavi, akupunktur, alternatif tıp
700 _adiğer yaz. Jean-Claude de Tymowski, Madeline Fievet-Izard çev. Maide Selen
942 _2ddc
_cBK
999 _c13178
_d13178